LEADER 00748cam0 2200241 450 001 E600200016888 005 20201218074602.0 100 $a20060315d1994 |||||ita|0103 ba 101 $aita 102 $aIT 200 1 $aLa mente a più dimensioni$fJerome Bruner 210 $aRoma$aBari$cLaterza$d1994 215 $a244 p.$d21 cm 700 1$aBruner$b, Jerome$3AF00012122$4070$0545329 801 0$aIT$bUNISOB$c20201218$gRICA 850 $aUNISOB 852 $aUNISOB$j150$m82263 912 $aE600200016888 940 $aM 102 Monografia moderna SBN 941 $aM 957 $a150$b001140$gSI$d82263$racquisto$1pregresso1$2UNISOB$3UNISOB$420060315120146.0$520160722103900.0$6rovito 996 $aMente a più dimensioni$91212693 997 $aUNISOB LEADER 01662nas 2200493 c 450 001 9910135966703321 005 20260218112402.0 011 $a2426-6507 035 $a(DE-599)ZDB2816481-7 035 $a(OCoLC)1366421671 035 $a(DE-101)1069071315 035 $a(CKB)110978984442241 035 $a(DE-599)2816481-7 035 $a(EXLCZ)99110978984442241 100 $a20150330a20079999 |y | 101 0 $afre 135 $aur||||||||||| 181 $ctxt$2rdacontent 182 $cc$2rdamedia 183 $acr$2rdacarrier 200 00$aPour$ela revue du Groupe Ruralite?s, Education et Politiques 210 31$aParis$cG.R.E.P.$d2007- 215 $aOnline-Ressource 300 $aGesehen am 30.03.15 311 08$a0245-9442 531 $aGROUPE DE RECHERCHE POUR LEDUCATION ET LA PROSPECTIVE POUR 606 $aErwachsenenbildung$3(DE-588)4015428-2$3https://d-nb.info/gnd/4015428-2$3(DE-101)040154289$9rswk-swf$2gnd 606 $aZeitschrift$3(DE-588)4067488-5$3https://d-nb.info/gnd/4067488-5$3(DE-101)040674886$9rswk-swf$2gnd 606 $aWald$3(DE-588)4064354-2$3https://d-nb.info/gnd/4064354-2$3(DE-101)040643549$9rswk-swf$2gnd 606 $aSozialökologie$3(DE-588)4043208-7$3https://d-nb.info/gnd/4043208-7$3(DE-101)040432084$9rswk-swf$2gnd 607 $aFrankreich$9rswk-swf$2gnd 608 $aZeitschrift$2gnd-content 615 7$aErwachsenenbildung. 615 7$aZeitschrift. 615 7$aWald. 615 7$aSozialökologie. 676 $a370 801 0$b0355 801 1$bDE-101 801 2$b9999 906 $aJOURNAL 912 $a9910135966703321 996 $aPour$92213697 997 $aUNINA